BIBLIOTHÈQUE DE LA MAISON DU MEXIQUE

Logo 1 Logo 2

Poèmes choisis (notice nᵒ 9284)

détails MARC
000 -Sello discográfico
campo de control de longitud fija 00891nam a2200349 4500
005 - Identificación de versión
campo de control 20251016085150.0
035 ## - Otros números de control del sistema
Número de control del sistema 6288
099 ## - fechas locales
Tipo de ítem Koha LIBRO
100 ## - Datos de procesamiento general
Datos de procesamiento general 20030718d1965 m y1spay5003 ba
101 1# - Idioma del recurso
Idioma del texto, banda sonora, etc. Francés
Idioma de la obra original Español; Castellano
105 ## - Campo de datos codificados: Material textual, monográfico
Datos codificados de monografía y 001gy
200 1# - Título y mención de responsabilidad
Título propio Poèmes choisis
Designación general del material texto impreso
Primer mención de responsabilidad Manuel Moreno Jimeno
Declaración de responsabilidad subsiguiente traduction Marcel Hennart
210 ## - Publicación, distribución, etc.
Lugar de publicación, distribución, etc. Paris
Nombre del editor, distribuidor, etc. Seghers
Fecha de publicación, distribución, etc. 1965
215 ## - Descripción física
Designación de material específico y extensión del ítem 107 p
Dimensiones 19 cm
318 ## - Nota de acción
Acción No se presta a domicilio
345 ## - Nota de información de adquisición
Fuente de adquisición/dirección de la suscripción [OBSOLETO] Intercambio
410 #1 - Series
Título Autour du Monde
676 ## - Clasificación Decimal Dewey
Número R861 M843p 1965
700 ## - Nombre personal - Responsabilidad primaria
Elemento de entrada Moreno Jimeno
Parte del nombre distinta del elemento de entrada Manuel
Número Koha 15656
702 ## - Nombre personal - Responsabilidad secundaria
Elemento de entrada Hennart
Parte del nombre distinta del elemento de entrada Marcel
Número Koha 15657
801 #0 - Fuente de origen
Agencia cm
900 ## -
-- 1/3848
900 ## -
-- 7100315595\180703
942 ## - ELEMENTOS DE ENTRADA SECUNDARIOS (KOHA)
Tipo de ítem Koha Livre

Pas d'exemplaire disponible.